PULZNÉ ZVÁRANIE KONŠTRUKČNÝCH OCELÍ POD TAVIVOM

Bibliographic Details
Main Author: Gunič, Fero (Author)
Format: Article
Language:Slovak
ISBN:8022714135

MARC

LEADER 00000naa a2200000uu 4500
001 vtls010946031
003 SK-MaSNL
005 20260302121952.0
008 210902|2000 xo |||||||||||||||||slo|
015 |a SNBRA 
035 |a (urnnbn)urn:nbn:sk:snk:ar-a0bfr5 
035 |a (uuid)bfded15a-7914-4945-9fa8-edb44d2c5cf3 
035 |a urn:nbn:sk:snk-aau7w3 
040 |a SNKBUCL  |b slo  |c SNKBUCL  |e AACR2 
041 0 |a slo 
044 |a xo  |c SK 
100 1 |a Gunič, Fero  |4 aut  |9 801664 
245 1 0 |a PULZNÉ ZVÁRANIE KONŠTRUKČNÝCH OCELÍ POD TAVIVOM  |c Fero Gunič 
246 3 |a MILD STEELS PULSED CURRENT SUBMERGED ARC WELDING 
773 0 |t CO-MAT-TECH 2000  |d Bratislava : Slovenská technická univerzita, 2000  |g S. 77-80  |z 8022714135 
958 |a OND 
958 |a article11 
958 |a chapter 
999 |c 1275997  |d 1277927